000 00228nam a22001217a 4500
082 _a080
_bBHA/I
100 _aBHAGAT,CHETAN
245 _aINDIA POSITIVE
260 _bWESTLAND
300 _a216
650 _aESSAYS
942 _cBK
999 _c3643
_d3643